| 000 | 00616nam a2200241Ia 4500 | ||
|---|---|---|---|
| 008 | 160819s9999 xx 000 0 und d | ||
| 020 | _a978-0-600-63135-4 | ||
| 050 | _aREF AG 243 | ||
| 050 | _b.T47 2015 | ||
| 100 | _aTerry, Paul. | ||
| 245 | _aTop 10 of everything 2016 / | ||
| 245 | _cPaul Terry. | ||
| 260 | _aGreat Britain : | ||
| 260 | _bHamlyn, | ||
| 260 | _c2015 | ||
| 300 | _a320 pages : | ||
| 300 | _bcolored illustrations ; | ||
| 300 | _c25 cm. | ||
| 500 | _aIncludes index | ||
| 650 | _aCuriosities and wonders. | ||
| 650 | _aPopular culture -- Miscellanea. | ||
| 650 | _xWord records. | ||
| 999 |
_c300622 _d300622 |
||